logo

Bir Sreshtho Munshi Abdur Rouf Library
Jhenaidah Cadet College

অপুষ্পক উদ্ভিদবিজ্ঞান / (Record no. 7554)

MARC details
000 -LEADER
fixed length control field 00897nam a2200229 a 4500
001 - CONTROL NUMBER
JCCL Control Number 7554
003 - CONTROL NUMBER IDENTIFIER
JCCL marc code BD-JhCC
005 - DATE AND TIME OF LATEST TRANSACTION
control field 20180227114442.0
008 - FIXED-LENGTH DATA ELEMENTS--GENERAL INFORMATION
fixed length control field 180211s1993 bg |||| |||| 000 0 ben d
035 ## - SYSTEM CONTROL NUMBER
system control number (BD-JhCC)
040 ## - CATALOGING SOURCE
Original cataloging agency BD-JhCC
Modifying agency BD-JhCC
041 ## - LANGUAGE CODE
Language code of Book ben
082 ## - DEWEY DECIMAL CLASSIFICATION NUMBER
Classification number 586
Author mark and Year ROY 1993
100 ## - MAIN ENTRY--PERSONAL NAME
Personal name রায়, ড. শ্যামল কুমার
245 ## - TITLE STATEMENT
Title অপুষ্পক উদ্ভিদবিজ্ঞান /
Statement of responsibility, etc ড. শ্যামল কুমার রায়, নিশীথ কুমার পাল এবং মোস্তফা কামাল পাশা
260 ## - PUBLICATION, DISTRIBUTION, ETC. (IMPRINT)
Place of publication, distribution, etc ঢাকা:
Name of publisher, distributor, etc বাংলা একাডেমী,
Date of publication, distribution, etc ১৯৯৩
300 ## - PHYSICAL DESCRIPTION
Pagination 377 p;,
Dimensions 26 cm
650 ## - SUBJECT ADDED ENTRY--TOPICAL TERM
Topical term or geographic name as entry element Cryptographic
Form subdivision Botany
700 ## - ADDED ENTRY--PERSONAL NAME
Personal name পাল, নিশীথ কুমার
700 ## - ADDED ENTRY--PERSONAL NAME
Personal name পাশা, মোস্তফা কামাল
942 ## - ADDED ENTRY ELEMENTS (KOHA)
Source of classification or shelving scheme Dewey Decimal Classification
Koha item type Books
Holdings
Source of classification or shelving scheme Damaged status Not for loan Home library Current library Shelving location Date of accession Total Checkouts Full call number Barcode Date last seen Copy number Koha item type volume number Cost, normal purchase price
Dewey Decimal Classification     JCC Rouf Library JCC Rouf Library General Stacks 02/11/2018   586 ROY 1993 10161 02/11/2018 C-1 Books    
Dewey Decimal Classification     JCC Rouf Library JCC Rouf Library General Stacks 02/11/2018   586 ROY 1993 10133 02/11/2018 C-2 Books    
Dewey Decimal Classification     JCC Rouf Library JCC Rouf Library General Stacks 02/27/2018   586 ROY 1993 10172 02/27/2018 C-3 Books V-2 90.00

JCC Library | Contacts | JCC Home

Last Update on 23 September 2017
Copyright @ 2017-2020 JCC Rouf Library
Rouf Library, Jhenidah Cadet College (JCC), Bangladesh